| 000 | 00942nam a2200301 i 4500 | ||
|---|---|---|---|
| 003 | EG-GICUC | ||
| 005 | 20260329114056.0 | ||
| 008 | 260329s1987 fr ||||fr|||| 00| 0 fre d | ||
| 020 | _a2247007759 | ||
| 040 |
_aEG-GiCUC _bfre _cEG-GiCUC _dEG-GiCUC _eRda |
||
| 082 | 0 | 4 |
_221 _a341.79 _bJA . D |
| 092 | 0 | 4 | _221 |
| 099 | _aLaw1 11 341.79 JA . D 1987 | ||
| 100 | 1 |
_aJadaud,Bernard _eAuteur |
|
| 245 |
_aDroit Du Commercial International / _cBernard Jadaud . |
||
| 264 | 1 |
_aParis : _bDalloz , _c1987 . |
|
| 300 |
_a203 page ; _c24 cm. |
||
| 336 |
_2rda contenu _a texte |
||
| 337 |
_2rda medias _aOrdinateur |
||
| 338 |
_2 transporteur rda _a Ressource en ligne |
||
| 546 | _aTexte en français | ||
| 650 | _aDroit International Public | ||
| 650 | _aDroit Du Commercial International | ||
| 700 | 1 |
_aPlaisant,Robert _eAuteur |
|
| 856 | 4 | 0 | _uhttps://fll.law.cu.edu.eg/fulltext/bks/B11-07509.pdf |
| 905 | _a59 | ||
| 942 |
_2ddc _n0 _cBK _e21 |
||
| 999 |
_c67170 _d67170 |
||